Ekonomičeskije nauki ježemesjačnyj žurnal

Uložené v:
Podrobná bibliografia
Médium: Seriál
Jazyk:Russian
Vydavateľské údaje: Moskva Vyššaja škola 1975
Tagy: Pridať tag
Žiadne tagy, Buďte prvý, kto otaguje tento záznam!

MARC

LEADER 00000nas2a22000001 4500
001 0012639
005 20250730114310.5
041 0 |a rus 
044 |a RU 
245 1 0 |a Ekonomičeskije nauki  |b ježemesjačnyj žurnal 
264 1 |a Moskva  |b Vyššaja škola  |c 1975 
300 |a 2 zv. 
773 0 |w eu_un_cat*s121047